| 000 | 01194nam a2200313Ia 4500 | ||
|---|---|---|---|
| 001 | ebr10130733 | ||
| 003 | CaPaEBR | ||
| 006 | m u | ||
| 007 | cr cn||||||||| | ||
| 008 | 940602s2005 enkab s 000 0ceng d | ||
| 020 | _z9781859865033 | ||
| 020 | _z1859860031 | ||
| 040 |
_aCaPaEBR _cCaPaEBR |
||
| 035 | _a(OCoLC)560230901 | ||
| 050 | 1 | 4 |
_aQ141 _b.H88 2005eb |
| 082 | 0 | 4 |
_a500 _220 |
| 245 | 0 | 4 |
_aThe Hutchinson dictionary of scientific biography _h[electronic resource] / _cconsultant editor, Roy Porter. |
| 250 | _a2nd ed. | ||
| 260 |
_aOxford : _bHelicon, _c2005. |
||
| 300 |
_a(1526) p. : _bill., maps. |
||
| 533 |
_aElectronic reproduction. _bPalo Alto, Calif. : _cebrary, _d2009. _nAvailable via World Wide Web. _nAccess may be limited to ebrary affiliated libraries. |
||
| 650 | 0 |
_aScience _vBiography _vDictionaries. |
|
| 650 | 0 |
_aScientists _vBiography _vDictionaries. |
|
| 655 | 7 |
_aElectronic books. _2local |
|
| 700 | 1 |
_aPorter, Roy, _d1946-2002. |
|
| 710 | 2 | _aebrary, Inc. | |
| 740 | 0 | 2 | _aBiographical dictionary of scientists. |
| 856 | 4 | 0 |
_uhttp://site.ebrary.com/lib/rucke/Doc?id=10130733 _zAn electronic book accessible through the World Wide Web; click to view |
| 999 |
_c181260 _d181260 |
||